Science Quiz

Random Science or Nintendo Quiz

Bones in the Body Quiz Stats

 Plays Quiz not verified by Sporcle

Also try: Planets by Image
Challenge
Share
Tweet
Embed
Score 0/34 Timer 15:00
0 Plays Today
definition bone(s) % Correct
lower jaw bonemandible
75.8%
bony structure of headskull
74.2%
large bone of the thighfemur
73.4%
breast bonesternum
68.5%
top, back, and sides of skullcranium
67.7%
medial, larger bone of the lower legtibia
65.3%
lateral, smaller bone of the lower legfibula
56.5%
lateral bone of the forearmradius
54%
medial bone of the forearmulna
54%
kneecappatella
53.2%
33 bones of the spinal columnvertebrae
50.8%
collar boneclavicle
48.4%
bone of the upper armhumerus
48.4%
ankle bonestarsals
46.8%
toe and finger bonesphalanges
46%
shoulder bladescapula
45.2%
hand bonesmetacarpals
41.9%
definition bone(s) % Correct
foot bonesmetatarsals
40.3%
wrist bonecarpals
37.9%
basin shaped bony structure the supports the spine and is the point of proximal attachment for the lower extremitiespelvis
33.9%
two fused bones forming the upper jawmaxillae
22.6%
bony structures around the eyesorbits
19.4%
nose bonesnasal bones
17.7%
superior and widest portion of pelvisilium
17.7%
heel bonecalcaneus
16.9%
the chest cavitythorax
15.3%
medial anterior portion of pelvispubis
13.7%
superior portion of sternummanubrium
8.1%
protrusion on the side of the anklemalleolus
8.1%
inferior portion of the sternumxiphoid process
7.3%
lower, posterior portion of the pelvisishium
5.6%
pelvic socket, where ball end of femur fits to form the hip jointacetabulum
5.6%
forms the structure of the cheek boneszygomatic arches
2.4%
highest portion of shoulderacromion process
0.8%

You're not logged in!

Compare scores with friends on all Sporcle quizzes.
OR
Log In

You Might Also Like...

Show Comments

Extras

Created Jan 31, 2011ReportNominate
Tags:Nintendo Quiz, body, bones

Top Quizzes Today


Score Distribution

Your Account Isn't Verified!

In order to create a playlist on Sporcle, you need to verify the email address you used during registration. Go to your Sporcle Settings to finish the process.

Report this User

Report this user for behavior that violates our Community Guidelines.

Details: